Vogue : (Record no. 10835)
[ view plain ]
| 000 -CABECERA | |
|---|---|
| campo de control de longitud fija | 01367nam a22002657a 4500 |
| 001 - NÚMERO DE CONTROL | |
| campo de control | BRCA_9216 |
| 003 - IDENTIFICADOR DEL NÚMERO DE CONTROL | |
| campo de control | FranzMayer |
| 005 - FECHA Y HORA DE LA ÚLTIMA TRANSACCIÓN | |
| campo de control | 20230710133820.0 |
| 008 - DATOS DE LONGITUD FIJA--INFORMACIÓN GENERAL | |
| campo de control de longitud fija | 220725b |||||||| |||| 00| 0 eng d |
| 040 ## - FUENTE DE LA CATALOGACIÓN | |
| Lengua de catalogación | spa |
| Centro/agencia transcriptor | MFM |
| 041 1# - CÓDIGO DE LENGUA | |
| Código de lengua del texto/banda sonora o título independiente | eng |
| -- | spa |
| 050 ## - SIGNATURA TOPOGRÁFICA DE LA BIBLIOTECA DEL CONGRESO | |
| Número de clasificación | TR679 |
| Número de documento/Ítem | V64 2019 |
| 245 ## - MENCIÓN DE TÍTULO | |
| Título | Vogue : |
| Resto del título | like a painting |
| 260 ## - PUBLICACIÓN, DISTRIBUCIÓN, ETC. | |
| Lugar de publicación, distribución, etc. | México : |
| Nombre del editor, distribuidor, etc. | Condé Nast: México Latinoamérica, |
| Fecha de publicación, distribución, etc. | 2019 |
| 300 ## - DESCRIPCIÓN FÍSICA | |
| Extensión | 114 p. : |
| Otras características físicas | fot. col. ; |
| Dimensiones | 25 x 33 cm. |
| 500 ## - NOTA GENERAL | |
| Nota general | Ubicación: L59-N5 |
| 500 ## - NOTA GENERAL | |
| Nota general | Catálogo de la exposición "Vogue Like a Painting" realizada en el Museo Franz Mayer en la Ciudad de México (12 de julio al 15 de septiembre de 2019). |
| 520 ## - SUMARIO, ETC. | |
| Sumario, etc. | "Vogue like a painting" es una iniciativa que reúne el trabajo de visionarios de la fotografía que se han inspirado en grandes maestros de la pintura. Es una plataforma de estudio de la relación natural que existe entre la pintura, la moda y la fotografía, desde principios de la década de 1900 hasta la actualidad. - Karla Martínez de Salas, Directora editorial de Vogue México y Latinoamérica. |
| 610 ## - PUNTO DE ACCESO ADICIONAL DE MATERIA--NOMBRE DE ENTIDAD CORPORATIVA | |
| Nombre de entidad corporativa o nombre de jurisdicción como elemento de entrada | Museo Franz Mayer (Mexico City, Mexico) |
| Subdivisión de forma | Exposiciones |
| Subdivisión general | Moda |
| -- | Fotografía |
| 9 (RLIN) | 28492 |
| 650 ## - PUNTO DE ACCESO ADICIONAL DE MATERIA--TÉRMINO DE MATERIA | |
| Término de materia o nombre geográfico como elemento de entrada | Moda |
| Subdivisión general | Pintura |
| -- | Fotografía |
| Subdivisión de forma | Exposiciones |
| 9 (RLIN) | 28493 |
| 700 ## - PUNTO DE ACCESO ADICIONAL--NOMBRE DE PERSONA | |
| Nombre de persona | Karla Martínez de Salas |
| Término indicativo de función/relación | Dir. ed. |
| 9 (RLIN) | 28494 |
| 700 ## - PUNTO DE ACCESO ADICIONAL--NOMBRE DE PERSONA | |
| Nombre de persona | Debra Smith |
| Término indicativo de función/relación | curadora |
| 9 (RLIN) | 28495 |
| 942 ## - ELEMENTOS DE PUNTO DE ACCESO ADICIONAL (KOHA) | |
| Fuente del sistema de clasificación o colocación | Library of Congress Classification |
| Tipo de ítem Koha | Libros |
| Estado de retiro | Estado de pérdida | Fuente del sistema de clasificación o colocación | Estado dañado | No para préstamo | Localización permanente | Ubicación/localización actual | Fecha de adquisición | Fuente de adquisición | Total de préstamos | Signatura topográfica completa | Código de barras | Fecha visto por última vez | Precio válido a partir de | Tipo de ítem Koha |
|---|---|---|---|---|---|---|---|---|---|---|---|---|---|---|
| El ejemplar forma parte de la colección y puede ser consultado según las políticas vigentes. | Library of Congress Classification | Biblioteca del Museo Franz Mayer (Rogerio Casas-Alatriste) | Biblioteca del Museo Franz Mayer (Rogerio Casas-Alatriste) | 25/07/2022 | Donación | TR679 V64 2019 | CONT10001 | 25/07/2022 | 25/07/2022 | Libros |